Bundesland nach Fußballvereinswappen Teil 3 - Statistiken

Allgemein
  • Dieses Quiz wurde 54 mal gespielt
  • Das Durchschnittsergebnis liegt bei 14 aus 16
Antwortstatistiken
Bildquiz Antwort % Korrekt
Hessen
100%
Bayern
91%
Saarland
91%
Thüringen
91%
Berlin
89%
Niedersachsen
89%
Baden-Württemberg
87%
Nordrhein-Westfalen
87%
Hamburg
84%
Mecklenburg-Vorpommern
84%
Brandenburg
82%
Sachsen
82%
Bremen
80%
Rheinland-Pfalz
80%
Sachsen-Anhalt
80%
Schleswig-Holstein
80%
Keine übereinstimmenden Quizze gefunden
Verteilung der Resultate
Anzahl Personen mit jedem Resultat
Perzentil nach korrekt beantworteten Fragen
Ihre Resultats-Entwicklung
Sie haben dieses Quiz noch nicht gespielt